Państwa Afryki wschodniej - Quiz na mapie - Statystyki

Ogólne statystyki
  • Ten quiz został rozwiązany 3 256 razy
  • Średni wynik to 14 z 20
Odpowiedzi na mapie
Odpowiedzi zakodowano w zielono-czerwonej skali na mapie do tego quizu, zgodnie z poniższymi procentami.
 
Statystyki odpowiedzi
Odpowiedź % Poprawnych
Madagaskar
91%
Somalia
91%
Etiopia
82%
Kenia
82%
Tanzania
80%
Dżibuti
79%
Erytrea
79%
Mozambik
77%
Sudan Południowy
77%
Malawi
75%
Uganda
71%
Zimbabwe
71%
Rwanda
69%
Seszele
69%
Zambia
67%
Komory
62%
Burundi
60%
Réunion (Francja)
58%
Mauritius
56%
Majotta (Francja)
50%
Nie znaleziono quizów pasujących do podanych kryteriów
Rozkład punktacji
Procent ludzi z każdym wynikiem
Percentyl według liczby udzielonych odpowiedzi
Twoja historia wyników
Nie rozwiązałeś tego quizu